Revised Royal Charter and Bye-laws published (Record no. 70225)
[ view plain ]
| 000 -LEADER | |
|---|---|
| fixed length control field | 00937cam a2200181 4500 |
| 001 - CONTROL NUMBER | |
| control field | WB3817-21 |
| 008 - FIXED-LENGTH DATA ELEMENTS--GENERAL INFORMATION | |
| fixed length control field | 020509n2002 000 0 eng u |
| 035 ## - SYSTEM CONTROL NUMBER | |
| System control number | (Sirsi) u117908 |
| 245 ## - TITLE STATEMENT | |
| Title | Revised Royal Charter and Bye-laws published |
| 260 ## - PUBLICATION, DISTRIBUTION, ETC. | |
| Date of publication, distribution, etc. | 2002 |
| 490 ## - SERIES STATEMENT | |
| Series statement | RICS News Service |
| Volume/sequential designation | 2 May 2002, (1) |
| 520 ## - SUMMARY, ETC. | |
| Summary, etc. | Following the Privy Council approving all the Special Resolutions passed by the organisationαs General Meeting on 7 November, the duly revised Charter and Bye-Laws of RICS have now been published. The full text of the revised Charter and Bye-Laws can be bought from RICS Books (http://www.ricsbooks.com/), price £9.00 per copy. Code: 6484. e: [email protected] t: +44(0)20 7222 7000 ask for Mail Order. http://www.rics.org/ricscms/bin/show?class=News&template=/includes/shownews.html&id=2423 |
| 590 ## - LOCAL NOTE (RLIN) | |
| Local note | WB |
| 650 ## - SUBJECT ADDED ENTRY--TOPICAL TERM | |
| Topical term or geographic name entry element | RICS BYE-LAWS |
| 650 ## - SUBJECT ADDED ENTRY--TOPICAL TERM | |
| Topical term or geographic name entry element | RICS ROYAL CHARTER |
| 690 ## - LOCAL SUBJECT ADDED ENTRY--TOPICAL TERM (OCLC, RLIN) | |
| Topical term or geographic name as entry element | RICS NEWS |
| 942 ## - ADDED ENTRY ELEMENTS (KOHA) | |
| Suppress in OPAC | 0 |
| Withdrawn status | Lost status | Source of classification or shelving scheme | Damaged status | Not for loan | Home library | Current library | Shelving location | Date acquired | Total Checkouts | Full call number | Barcode | Date last seen | Copy number | Price effective from | Koha item type |
|---|---|---|---|---|---|---|---|---|---|---|---|---|---|---|---|
| Dewey Decimal Classification | London | London | News article | 09/05/2002 | WB3817-21 | 117908-1001 | 06/08/2019 | 1 | 06/08/2019 | News article |